[Event "Bundesliga 2022-23"]
[Site "Munich GER"]
[Date "2022.10.22"]
[Round "1.4"]
[Board "5"]
[White "Maiwald, Jens-Uwe"]
[Black "Dautov, Rustem"]
[Result "1/2-1/2"]
[WhiteTitle "GM"]
[BlackTitle "GM"]
[WhiteElo "2441"]
[BlackElo "2592"]
[WhiteTeam "USV TU Dresden"]
[BlackTeam "Schachfreunde Deizisau"]
[WhiteFideId "4612396"]
[BlackFideId "4623606"]
[EventDate "2022.10.22"]

1. e4 c5 2. Nc3 e6 3. f4 d5 4. Nf3 dxe4 5. Nxe4 Nc6 6. Bb5 Bd7 7. Qe2 a6 8. Bxc6
Bxc6 9. Ne5 Bxe4 10. Qxe4 Qd5 11. Qe2 Nf6 12. d3 Be7 13. O-O O-O 14. b3 Qd4+ 15.
Be3 Qd6 16. a4 b6 17. Kh1 Nd5 18. Bd2 Bf6 19. Rf3 g6 20. Rh3 Bg7 21. Re1 Ne7 22.
Bc3 Nd5 23. Bd2 Ne7 24. Bc3 Nd5 25. Bd2 Ne7 1/2-1/2

[Event "Bundesliga 2022-23"]
[Site "Munich GER"]
[Date "2022.10.22"]
[Round "1.4"]
[Board "6"]
[White "Krasenkow, Michal"]
[Black "Boensch, Uwe"]
[Result "1-0"]
[WhiteTitle "GM"]
[BlackTitle "GM"]
[WhiteElo "2550"]
[BlackElo "2466"]
[WhiteTeam "Schachfreunde Deizisau"]
[BlackTeam "USV TU Dresden"]
[WhiteFideId "1113100"]
[BlackFideId "4611268"]
[EventDate "2022.10.22"]

1. Nf3 d5 2. d4 Nf6 3. c4 e6 4. Nc3 Be7 5. Bf4 O-O 6. a3 dxc4 7. e4 b5 8. Nxb5
Na6 9. Bxc4 Nxe4 10. d5 Nd6 11. Nxd6 cxd6 12. dxe6 fxe6 13. Bg3 d5 14. Bd3 Nc5
15. O-O Qb6 16. Bc2 Bf6 17. Be5 Bxe5 18. Nxe5 Qxb2 19. f4 Nd7 20. Qd3 Qb6+ 21.
Rf2 Nf6 22. Rb1 Qc5 23. Rb5 Qd6 24. Qe3 Rb8 25. Rxb8 Qxb8 26. Bd3 Qb6 27. Qxb6
axb6 28. Rc2 Nd7 29. Nxd7 Bxd7 30. Rc7 Be8 31. Re7 Bg6 32. Bxg6 hxg6 33. g3 Ra8
34. Rxe6 Kf7 35. Rd6 Rxa3 36. Rxd5 Ra1+ 37. Kg2 Ra2+ 38. Kh3 Rb2 39. Rd7+ Kg8
40. g4 Rb3+ 41. Kh4 Kh7 42. Rd6 Rb4 43. Kg5 Rb5+ 1-0

[Event "Bundesliga 2022-23"]
[Site "Munich GER"]
[Date "2022.10.22"]
[Round "1.5"]
[Board "1"]
[White "Kryvoruchko, Yuriy"]
[Black "Eljanov, Pavel"]
[Result "0-1"]
[WhiteTitle "GM"]
[BlackTitle "GM"]
[WhiteElo "2658"]
[BlackElo "2697"]
[WhiteTeam "SC Viernheim"]
[BlackTeam "Muenchener Schachclub 1836"]
[WhiteFideId "14109182"]
[BlackFideId "14102951"]
[EventDate "2022.10.22"]

1. e4 c6 2. d4 d5 3. e5 Bf5 4. Nf3 e6 5. Be2 Nd7 6. O-O a5 7. a4 f6 8. Be3 fxe5
9. dxe5 Bc5 10. Bxc5 Nxc5 11. Nd4 Ne7 12. Bh5+ g6 13. Be2 Qb6 14. g4 Be4 15. Nc3
h5 16. f3 O-O-O 17. fxe4 dxe4 18. Qd2 hxg4 19. Bxg4 Nf5 20. Bxf5 gxf5 21. Nce2
Nd7 22. Ra3 Nxe5 23. Rb3 Qc5 24. Qc3 Nc4 25. Kh1 e3 26. Nf3 e5 27. Nxe5 Qd5+ 28.
Nf3 Nd2 29. Qg7 c5 30. Rd3 Nxf3 31. Qg2 Rxh2+ 32. Qxh2 Nd4+ 33. Kg1 Nxe2+ 34.
Qxe2 Rg8+ 35. Kh2 Qe5+ 36. Kh1 Qe4+ 0-1

[Event "Bundesliga 2022-23"]
[Site "Munich GER"]
[Date "2022.10.22"]
[Round "1.5"]
[Board "2"]
[White "Jones, Gawain C B"]
[Black "Korobov, Anton"]
[Result "1-0"]
[WhiteTitle "GM"]
[BlackTitle "GM"]
[WhiteElo "2626"]
[BlackElo "2672"]
[WhiteTeam "Muenchener Schachclub 1836"]
[BlackTeam "SC Viernheim"]
[WhiteFideId "409561"]
[BlackFideId "14105730"]
[EventDate "2022.10.22"]

1. e4 e6 2. d4 d5 3. e5 c5 4. c3 Nc6 5. Nf3 Qb6 6. a3 c4 7. Nbd2 Na5 8. Rb1 Bd7
9. h4 h6 10. b4 cxb3 11. Nxb3 Ba4 12. Nfd2 Qc7 13. Rh3 Ne7 14. Qf3 Nec6 15. Nxa5
Nxa5 16. Bd3 Rc8 17. Qf4 a6 18. Rf3 b5 19. h5 Qd7 20. Be2 Bc2 21. Ra1 g5 22.
hxg6 Bxg6 23. a4 b4 24. cxb4 Bxb4 25. Bxa6 O-O 26. Bxc8 Rxc8 27. Qxh6 Rc3 28.
Kf1 Rxf3 29. Nxf3 Nb3 30. Ra2 Qc6 31. Bg5 Bf8 32. Qh4 Qc4+ 33. Kg1 Nxd4 34. Bf6
Bg7 35. Nxd4 Qxa2 36. Nc6 Kf8 37. Qb4+ Kg8 38. Ne7+ Kh7 39. Qh4+ Bh6 40. Bg5 1-0

[Event "Bundesliga 2022-23"]
[Site "Munich GER"]
[Date "2022.10.22"]
[Round "1.5"]
[Board "3"]
[White "Amin, Bassem"]
[Black "Saric, Ivan"]
[Result "1/2-1/2"]
[WhiteTitle "GM"]
[BlackTitle "GM"]
[WhiteElo "2667"]
[BlackElo "2668"]
[WhiteTeam "SC Viernheim"]
[BlackTeam "Muenchener Schachclub 1836"]
[WhiteFideId "10601457"]
[BlackFideId "14508150"]
[EventDate "2022.10.22"]

1. Nf3 Nf6 2. g3 c5 3. Bg2 Nc6 4. O-O e5 5. e4 Be7 6. Re1 d6 7. c3 O-O 8. h3 Be6
9. Na3 h6 10. d3 Re8 11. Nc2 Bf8 12. b4 cxb4 13. cxb4 a5 14. bxa5 Rxa5 15. d4
exd4 16. Nfxd4 Bd7 17. Bb2 Ra4 18. a3 Nxd4 19. Bxd4 d5 20. exd5 Rxe1+ 21. Qxe1
Bf5 22. Nb4 Qa5 23. Qe5 Rxa3 24. Rxa3 Qxa3 25. Qxf5 Qxb4 26. Bxf6 Qe1+ 27. Bf1
gxf6 28. Qxf6 Qe4 29. d6 Qg6 30. Qf3 Bxd6 31. Qxb7 Kg7 32. Kg2 Qf6 33. Qd5 Bc7
34. h4 Bb6 35. Qd2 Qd4 36. Qe2 Qd5+ 37. Kg1 Qd4 38. Bh3 Bc7 39. Kg2 Qd5+ 40. Kh2
Qd4 41. f4 Qf6 42. Bg2 Qe6 43. Qb2+ Qf6 44. Qe2 Qe6 45. Qd1 Bd6 46. Bd5 Qf6 47.
Qg4+ Qg6 48. Qd7 Bf8 49. Bb3 Qf6 50. Bc2 Bd6 51. Qg4+ Kf8 52. Bh7 Qe6 53. Qd1
Qf6 54. Qf3 Qb2+ 55. Kh3 Kg7 56. Bf5 Qf6 57. Qd5 Bc7 58. Kg4 Bb6 59. Kh5 Bf2 60.
Qd3 Be1 61. Be4 Bb4 62. Qe2 Kg8 63. Bb1 Bf8 64. Qe4 Bg7 65. Ba2 Bf8 66. Bc4 Kg7
67. Bd3 Bc5 68. Bc2 Qg6+ 69. Qxg6+ fxg6+ 70. Bxg6 Bf2 71. g4 Be3 72. f5 Kf6 1/2-1/2

[Event "Bundesliga 2022-23"]
[Site "Munich GER"]
[Date "2022.10.22"]
[Round "1.5"]
[Board "4"]
[White "Martinovic, Sasa"]
[Black "Meier, Georg"]
[Result "0-1"]
[WhiteTitle "GM"]
[BlackTitle "GM"]
[WhiteElo "2546"]
[BlackElo "2613"]
[WhiteTeam "Muenchener Schachclub 1836"]
[BlackTeam "SC Viernheim"]
[WhiteFideId "14509792"]
[BlackFideId "4675789"]
[EventDate "2022.10.22"]

1. d4 e6 2. Nf3 Nf6 3. c4 b6 4. g3 Bb7 5. Bg2 Bb4+ 6. Bd2 c5 7. Bxb4 cxb4 8. O-O
O-O 9. Qb3 a5 10. a3 Na6 11. Nbd2 Rc8 12. Rfc1 Rc7 13. Ne1 Bxg2 14. Kxg2 Qa8+
15. Qf3 d5 16. cxd5 bxa3 17. bxa3 Qxd5 18. Qxd5 Nxd5 19. Rxc7 Naxc7 20. e3 Nb5
21. a4 Nbc3 22. Ra3 Rc8 23. Nd3 Nd1 24. Kf1 Rc2 25. Nf3 N1c3 26. Nfe1 Rd2 27.
Nf4 Ne4 28. Ned3 Nxf4 29. gxf4 Rc2 30. Ke1 Nc3 31. Nb2 Kf8 32. Rb3 Nd5 33. Nd3
Ke7 34. e4 Rc3 35. Rb2 Rxd3 36. exd5 Rxd4 37. dxe6 fxe6 38. Rxb6 Rxf4 39. Ra6
Rxa4 40. Ra7+ Kf6 41. Kf1 Ra1+ 42. Kg2 a4 43. Ra5 g5 44. h4 h6 45. hxg5+ hxg5
46. Kf3 a3 47. Kg4 a2 48. Kf3 g4+ 49. Kg2 e5 50. Ra8 e4 0-1

[Event "Bundesliga 2022-23"]
[Site "Munich GER"]
[Date "2022.10.22"]
[Round "1.5"]
[Board "5"]
[White "Fedorchuk, Sergey A."]
[Black "Prusikin, Michael"]
[Result "1/2-1/2"]
[WhiteTitle "GM"]
[BlackTitle "GM"]
[WhiteElo "2619"]
[BlackElo "2517"]
[WhiteTeam "SC Viernheim"]
[BlackTeam "Muenchener Schachclub 1836"]
[WhiteFideId "14102536"]
[BlackFideId "4642325"]
[EventDate "2022.10.22"]

1. e4 e6 2. d4 d5 3. Nd2 c5 4. Ngf3 cxd4 5. Nxd4 Nc6 6. Bb5 Bd7 7. Nxc6 bxc6 8.
Bd3 Bd6 9. Qe2 Qc7 10. Nf3 dxe4 11. Qxe4 Nf6 12. Qh4 h6 13. a3 c5 14. Nd2 Bf4
15. Ne4 Be5 16. Nd2 Bf4 17. Nc4 Bxc1 18. Rxc1 O-O 19. Qg3 Qxg3 20. hxg3 Rfd8 21.
Rd1 Rab8 22. Rh4 Kf8 23. Kd2 Bc6 24. f3 h5 25. Kc1 g5 26. Rhh1 Ke7 27. Rde1 Bd5
28. Ne3 Rbc8 29. Nxd5+ Rxd5 30. Bc4 Rd4 31. b3 Rg8 32. Re5 Nd7 33. Re3 Nb6 34.
Rxh5 Nxc4 35. bxc4 Rxc4 36. g4 Rd4 37. Rb3 Rd7 38. Rb5 Kd6 39. Kb2 Kc6 40. Rb3
Rd2 41. Rh7 Rf8 42. g3 Rg2 43. Rg7 Rxg3 44. Rxg5 f5 45. Re3 Rf6 46. Rc3 Kd6 47.
Rd3+ Kc6 48. Rg8 fxg4 49. fxg4 Rxd3 50. cxd3 Rf3 51. Kc3 Kd5 52. g5 Rg3 53. g6
Rg4 54. a4 Kc6 55. g7 Kb7 56. Kd2 Ka6 57. Ke3 Ka5 58. Kf3 Rg1 59. Kf4 Kxa4 60.
Ke5 Rg3 61. Kf6 Rf3+ 62. Kxe6 Rg3 63. Kf6 Rf3+ 64. Ke5 Rg3 65. Kf4 Rg1 66. Ke3
Ka5 67. Ke4 Rg3 68. Ke5 Ka6 69. Ke6 Kb7 70. Kf6 Rf3+ 71. Ke5 Rg3 72. Kf6 Rf3+
73. Ke5 1/2-1/2

[Event "Bundesliga 2022-23"]
[Site "Munich GER"]
[Date "2022.10.22"]
[Round "1.5"]
[Board "6"]
[White "Costa, Leonardo"]
[Black "Braun, Arik"]
[Result "0-1"]
[WhiteTitle "FM"]
[BlackTitle "GM"]
[WhiteElo "2350"]
[BlackElo "2597"]
[WhiteTeam "Muenchener Schachclub 1836"]
[BlackTeam "SC Viernheim"]
[WhiteFideId "16213955"]
[BlackFideId "4663527"]
[EventDate "2022.10.22"]

1. e4 c5 2. Nf3 e6 3. d4 cxd4 4. Nxd4 a6 5. Nc3 Qc7 6. Bd3 Nf6 7. Qe2 d6 8. f4
Be7 9. g4 b5 10. g5 Nfd7 11. a3 Bb7 12. O-O Nc6 13. Nxc6 Qxc6 14. Bd2 g6 15.
Rae1 h6 16. gxh6 f5 17. Na2 Rxh6 18. Nb4 Qc5+ 19. Be3 Qc7 20. Bd4 Nc5 21. e5 Kf7
22. Rf2 Ne4 23. Rg2 dxe5 24. fxe5 Ng5 25. Rf1 Rah8 0-1

[Event "Bundesliga 2022-23"]
[Site "Munich GER"]
[Date "2022.10.22"]
[Round "1.5"]
[Board "7"]
[White "Wagner, Dennis"]
[Black "Yankelevich, Lev"]
[Result "1-0"]
[WhiteTitle "GM"]
[BlackTitle "GM"]
[WhiteElo "2570"]
[BlackElo "2484"]
[WhiteTeam "SC Viernheim"]
[BlackTeam "Muenchener Schachclub 1836"]
[WhiteFideId "24650684"]
[BlackFideId "24684074"]
[EventDate "2022.10.22"]

1. e4 e5 2. Nf3 Nc6 3. Bb5 a6 4. Ba4 Nf6 5. O-O Be7 6. d3 b5 7. Bb3 d6 8. a4 Bd7
9. Be3 O-O 10. axb5 axb5 11. Nc3 Na5 12. Nd5 Nxd5 13. Bxd5 c6 14. Ba2 c5 15. Bd5
Bc6 16. b4 Bxd5 17. exd5 cxb4 18. Qb1 b3 19. cxb3 b4 20. Ra4 Rb8 21. Qa2 Rb5 22.
Ra1 Nb7 23. Ra7 Nc5 24. Qc2 Bf6 25. Qc4 Qb8 26. Nd2 Rb7 27. Bxc5 dxc5 28. Rxb7
Qxb7 29. Ne4 Rd8 30. d6 Qc8 31. Ra7 Qe6 32. Qxe6 fxe6 33. g4 Rc8 34. Rc7 1-0

[Event "Bundesliga 2022-23"]
[Site "Munich GER"]
[Date "2022.10.22"]
[Round "1.5"]
[Board "8"]
[White "Berchtenbreiter, Maximilian"]
[Black "Buhmann, Rainer"]
[Result "0-1"]
[WhiteTitle "IM"]
[BlackTitle "GM"]
[WhiteElo "2509"]
[BlackElo "2561"]
[WhiteTeam "Muenchener Schachclub 1836"]
[BlackTeam "SC Viernheim"]
[WhiteFideId "24641120"]
[BlackFideId "4651340"]
[EventDate "2022.10.22"]

1. e4 e5 2. Nf3 Nc6 3. Bb5 a6 4. Ba4 Nf6 5. O-O Be7 6. Re1 b5 7. Bb3 d6 8. a4
Bd7 9. c3 O-O 10. Bc2 Re8 11. h3 Bf8 12. d3 h6 13. Nbd2 Ne7 14. Nf1 Ng6 15. Ng3
c5 16. d4 cxd4 17. cxd4 exd4 18. Nxd4 bxa4 19. f4 Rc8 20. Kh2 d5 21. e5 Ng4+ 22.
hxg4 Qh4+ 23. Kg1 Qxg3 24. Bxg6 fxg6 25. Be3 Bb4 26. e6 Bxe1 27. exd7 Qxe3+ 28.
Kh1 Bf2 29. Nf3 d4 30. Qf1 d3 31. Ne5 d2 32. Qc4+ Kh7 33. Rf1 Qg3 34. Nxg6 Qxg4
35. dxc8=Q Rxc8 36. Qd3 Qxg6 0-1

[Event "Bundesliga 2022-23"]
[Site "Munich GER"]
[Date "2022.10.22"]
[Round "1.6"]
[Board "1"]
[White "Ivanchuk, Vasyl"]
[Black "Narayanan, S.L."]
[Result "1/2-1/2"]
[WhiteTitle "GM"]
[BlackTitle "GM"]
[WhiteElo "2678"]
[BlackElo "2663"]
[WhiteTeam "SC Remagen Sinzig"]
[BlackTeam "SV Deggendorf"]
[WhiteFideId "14100010"]
[BlackFideId "5058422"]
[EventDate "2022.10.22"]

1. e4 e5 2. Nf3 Nc6 3. Bb5 a6 4. Ba4 Nf6 5. O-O Be7 6. Re1 b5 7. Bb3 O-O 8. c3
d5 9. exd5 Nxd5 10. Nxe5 Nxe5 11. Rxe5 c6 12. Re1 Bd6 13. d4 Qh4 14. g3 Qh3 15.
Be3 Bg4 16. Qd3 Rae8 17. Nd2 Re6 18. Qf1 Qh5 19. f3 Rxe3 20. fxg4 Qxg4 21. Rxe3
Nxe3 22. Qf2 Nd5 23. Qf3 Qxf3 24. Nxf3 Rb8 25. Re1 Kf8 26. Kf2 Nf6 27. Ng5 Rb7
28. Kf3 h6 29. Ne4 Re7 30. Re2 Nxe4 31. Rxe4 Rxe4 32. Kxe4 1/2-1/2

[Event "Bundesliga 2022-23"]
[Site "Munich GER"]
[Date "2022.10.22"]
[Round "1.6"]
[Board "2"]
[White "Sedlak, Nikola"]
[Black "Plat, Vojtech"]
[Result "1/2-1/2"]
[WhiteTitle "GM"]
[BlackTitle "GM"]
[WhiteElo "2472"]
[BlackElo "2546"]
[WhiteTeam "SV Deggendorf"]
[BlackTeam "SC Remagen Sinzig"]
[WhiteFideId "922900"]
[BlackFideId "325740"]
[EventDate "2022.10.22"]

1. Nf3 g6 2. g3 Bg7 3. d4 Nf6 4. Bg2 O-O 5. O-O d5 6. c3 Bf5 7. Nbd2 c6 8. Re1
Qc8 9. Nh4 Bh3 10. e4 Bxg2 11. Nxg2 dxe4 12. Nxe4 Nxe4 13. Rxe4 e6 14. Bg5 Nd7
15. Qd2 Re8 16. Rae1 Nf6 17. Bxf6 Bxf6 18. Nf4 Qd7 19. Nd3 Rad8 20. Qe2 Bg7 21.
h4 b6 1/2-1/2

[Event "Bundesliga 2022-23"]
[Site "Munich GER"]
[Date "2022.10.22"]
[Round "1.6"]
[Board "3"]
[White "Pavlidis, Antonios"]
[Black "Delchev, Aleksander"]
[Result "1/2-1/2"]
[WhiteTitle "GM"]
[BlackTitle "GM"]
[WhiteElo "2550"]
[BlackElo "2503"]
[WhiteTeam "SC Remagen Sinzig"]
[BlackTeam "SV Deggendorf"]
[WhiteFideId "4212312"]
[BlackFideId "2900394"]
[EventDate "2022.10.22"]

1. e4 e5 2. Nf3 Nc6 3. Bb5 a6 4. Ba4 Nf6 5. O-O Be7 6. d3 b5 7. Bb3 d6 8. a3 O-O
9. Nc3 Na5 10. Ba2 Be6 11. b4 Bxa2 12. Nxa2 Nc6 13. c4 Nd4 14. Nc3 c6 15. Be3
Nxf3+ 16. Qxf3 Qc8 17. h3 Qe6 18. Rfc1 Rab8 19. Rab1 Rb7 20. cxb5 axb5 21. a4
bxa4 22. Nxa4 d5 23. Nc5 Bxc5 24. Bxc5 Rfb8 25. Ra1 dxe4 26. dxe4 Nd7 27. Ra6 h6
28. Kh2 Nxc5 29. Rxc5 Rb6 30. Rxb6 Rxb6 31. Qc3 Qd6 32. Rc4 Kh7 33. g3 Ra6 34.
Kg2 Qd1 35. Qxe5 Ra1 36. Qf5+ Kg8 37. Qc8+ 1/2-1/2

[Event "Bundesliga 2022-23"]
[Site "Munich GER"]
[Date "2022.10.22"]
[Round "1.6"]
[Board "4"]
[White "Stojanovic, Dalibor"]
[Black "Burg, Twan"]
[Result "0-1"]
[WhiteTitle "GM"]
[BlackTitle "GM"]
[WhiteElo "2472"]
[BlackElo "2511"]
[WhiteTeam "SV Deggendorf"]
[BlackTeam "SC Remagen Sinzig"]
[WhiteFideId "922692"]
[BlackFideId "1010697"]
[EventDate "2022.10.22"]

1. e4 e5 2. Nf3 Nf6 3. Nxe5 d6 4. Nf3 Nxe4 5. Nc3 Nxc3 6. dxc3 Be7 7. Be3 O-O 8.
Qd2 Nd7 9. O-O-O Nf6 10. Kb1 c5 11. Bd3 b5 12. Bg5 Be6 13. h3 Rb8 14. Bxf6 Bxf6
15. Be4 b4 16. c4 Bxc4 17. Bd5 Bxd5 18. Qxd5 Rb6 19. g4 Qa8 20. g5 Qxd5 21. Rxd5
Be7 22. Nd2 f6 23. Nc4 Rb7 24. f4 Rd7 25. Rhd1 g6 26. b3 fxg5 27. fxg5 Rf5 28.
Rxf5 gxf5 29. h4 Kg7 30. Ne3 Kg6 31. Rf1 Bf8 32. Rxf5 Bg7 33. Rf3 Re7 34. Kc1
Re4 35. Ng2 Be5 36. Kd2 Rg4 37. Rf2 Kh5 38. Re2 Rd4+ 39. Ke3 Kg4 40. Rf2 Kh3 41.
Ne1 Bg3 42. Re2 Rxh4 43. Nf3 Rf4 44. Ng1+ Kh4 45. Rg2 Rg4 46. Nf3+ Kh3 47. Re2
Bf4+ 48. Ke4 Kg3 49. Nh2 Rxg5 50. Nf1+ Kg4 51. Rg2+ Kh5 52. Rf2 Be5 53. Rf7 Kg6
54. Rxa7 h5 55. a4 bxa3 56. Rxa3 h4 57. Ra8 Kh5 58. Ra7 d5+ 59. Kf3 Rf5+ 60. Ke2
d4 61. Rh7+ Kg4 62. c3 d3+ 0-1

[Event "Bundesliga 2022-23"]
[Site "Munich GER"]
[Date "2022.10.22"]
[Round "1.6"]
[Board "5"]
[White "Dgebuadze, Alexandre"]
[Black "Bogosavljevic, Boban"]
[Result "0-1"]
[WhiteTitle "GM"]
[BlackTitle "GM"]
[WhiteElo "2430"]
[BlackElo "2533"]
[WhiteTeam "SC Remagen Sinzig"]
[BlackTeam "SV Deggendorf"]
[WhiteFideId "203882"]
[BlackFideId "931152"]
[EventDate "2022.10.22"]

1. e4 c5 2. Nf3 Nc6 3. d4 cxd4 4. Nxd4 g6 5. c4 Nf6 6. Nc3 Nxd4 7. Qxd4 d6 8.
Be2 Bg7 9. Be3 O-O 10. Qd2 a5 11. O-O a4 12. Rab1 Qa5 13. Rfd1 Be6 14. f3 Rfc8
15. b4 axb3 16. axb3 Nd7 17. Nd5 Bxd5 18. Qxa5 Rxa5 19. Rxd5 Rxd5 20. exd5 Ra8
21. b4 b6 22. f4 Ra3 23. Bf2 Bc3 24. Kf1 f5 25. g4 Nf6 26. c5 bxc5 27. bxc5 dxc5
28. Bxc5 Ra4 29. gxf5 Rxf4+ 30. Kg2 gxf5 31. d6 exd6 32. Bxd6 Re4 33. Bf3 Rd4
34. Rb8+ Kf7 35. Bc5 Rd2+ 36. Kf1 Rxh2 37. Rb7+ Kg6 38. Rb6 Rd2 39. Rd6 Rc2 40.
Rc6 Be5 41. Be7 Rb2 42. Re6 Bd4 43. Be2 Rb1+ 44. Kg2 Rg1+ 45. Kf3 h5 46. Bxf6
Bxf6 47. Kf2 Rg5 48. Rd6 h4 49. Bf1 Rg4 50. Bh3 Rg3 51. Bf1 Rb3 52. Bd3 Kg5 53.
Rd5 Be5 54. Ke2 Kf4 55. Rb5 Rxd3 56. Kxd3 h3 57. Rb6 h2 58. Rh6 Kf3 59. Rh5 Bf4
60. Kd4 Bb8 0-1

[Event "Bundesliga 2022-23"]
[Site "Munich GER"]
[Date "2022.10.22"]
[Round "1.6"]
[Board "6"]
[White "Popovic, Dusan"]
[Black "Cioara, Andrei-Nestor"]
[Result "1/2-1/2"]
[WhiteTitle "GM"]
[BlackTitle "IM"]
[WhiteElo "2486"]
[BlackElo "2407"]
[WhiteTeam "SV Deggendorf"]
[BlackTeam "SC Remagen Sinzig"]
[WhiteFideId "927031"]
[BlackFideId "1203509"]
[EventDate "2022.10.22"]

1. Nf3 Nf6 2. g3 d5 3. Bg2 e6 4. O-O c5 5. d3 Nc6 6. Nbd2 Be7 7. e4 O-O 8. Re1
b5 9. e5 Nd7 10. Nf1 b4 11. h4 a5 12. h5 a4 13. h6 g6 14. a3 Ba6 15. N1h2 bxa3
16. bxa3 c4 17. d4 c3 18. Ng4 Na5 19. Bf4 Nc4 20. Qc1 Re8 21. Bf1 Qa5 22. Bg5
Nd2 23. Bxd2 cxd2 24. Qxd2 Qxd2 25. Nxd2 Bxf1 26. Kxf1 Rec8 27. Reb1 Ra7 28. Rb2
Rac7 29. Rab1 f5 30. exf6 Nxf6 31. Nxf6+ Bxf6 32. Nf3 Be7 33. Rb6 Bxa3 34. Ra1
Bf8 1/2-1/2

[Event "Bundesliga 2022-23"]
[Site "Weyhe GER"]
[Date "2022.10.22"]
[Round "1.7"]
[Board "1"]
[White "Harikrishna, Pentala"]
[Black "Brkic, Ante"]
[Result "1/2-1/2"]
[WhiteTitle "GM"]
[BlackTitle "GM"]
[WhiteElo "2717"]
[BlackElo "2602"]
[WhiteTeam "SG Solingen"]
[BlackTeam "SK Kirchweyhe"]
[WhiteFideId "5007003"]
[BlackFideId "14506688"]
[EventDate "2022.10.22"]

1. d4 Nf6 2. c4 e6 3. Nf3 d5 4. Nc3 Bb4 5. Qa4+ Nc6 6. e3 O-O 7. Bd2 a5 8. Qc2
Ne7 9. a3 Bxc3 10. Bxc3 b6 11. Nd2 Ba6 12. e4 c5 13. cxd5 Bxf1 14. Nxf1 exd5 15.
Ng3 cxd4 16. Bxd4 Rc8 17. Qe2 Nxe4 18. Nxe4 dxe4 19. Rd1 Qc7 20. Qxe4 Rfe8 21.
O-O Nc6 22. Qf3 Nxd4 23. Rxd4 Rcd8 24. Rxd8 Rxd8 25. Rd1 Rxd1+ 26. Qxd1 g6 27.
g3 Qc5 28. a4 Kg7 29. b3 h5 30. h4 Kf6 31. Qd7 1/2-1/2

[Event "Bundesliga 2022-23"]
[Site "Weyhe GER"]
[Date "2022.10.22"]
[Round "1.7"]
[Board "3"]
[White "L'Ami, Erwin"]
[Black "Stevic, Hrvoje"]
[Result "1-0"]
[WhiteTitle "GM"]
[BlackTitle "GM"]
[WhiteElo "2617"]
[BlackElo "2565"]
[WhiteTeam "SG Solingen"]
[BlackTeam "SK Kirchweyhe"]
[WhiteFideId "1007998"]
[BlackFideId "14502569"]
[EventDate "2022.10.22"]

1. d4 d5 2. c4 dxc4 3. e4 e5 4. Nf3 exd4 5. Bxc4 Nc6 6. O-O Be6 7. Nbd2 Qf6 8.
Qa4 Bc5 9. Bxe6 Qxe6 10. b4 Bb6 11. b5 Ne5 12. Nxe5 Qxe5 13. Nc4 Qe6 14. Nxb6
Qxb6 15. Bb2 Ne7 16. Bxd4 Qe6 17. b6+ Nc6 18. bxa7 O-O 19. Be3 b5 20. Qxb5 Nxa7
21. Qd5 Qxd5 22. exd5 Rfd8 23. Rfc1 Rxd5 24. Rxc7 Nb5 25. Rc5 Rxc5 26. Bxc5 f6
27. a4 Kf7 28. g3 Nc3 29. a5 Ra6 30. Bb4 Ne2+ 31. Kf1 Nd4 32. Bc3 Nb5 33. Bd2 h5
34. Rb1 Nd6 35. h4 Ke6 36. Ke2 Kd5 37. Kd3 Ne4 38. Rb5+ Kc6 39. Rf5 g6 40. Kxe4
gxf5+ 41. Kxf5 Kd5 42. g4 hxg4 43. h5 Re6 44. h6 Re2 45. h7 Rxf2+ 46. Bf4 1-0

[Event "Bundesliga 2022-23"]
[Site "Weyhe GER"]
[Date "2022.10.22"]
[Round "1.7"]
[Board "4"]
[White "Jovanovic, Zoran"]
[Black "Warmerdam, Max"]
[Result "0-1"]
[WhiteTitle "GM"]
[BlackTitle "GM"]
[WhiteElo "2519"]
[BlackElo "2612"]
[WhiteTeam "SK Kirchweyhe"]
[BlackTeam "SG Solingen"]
[WhiteFideId "14505320"]
[BlackFideId "1048104"]
[EventDate "2022.10.22"]

1. e4 c5 2. Nf3 d6 3. d4 cxd4 4. Qxd4 Nf6 5. Nc3 Nc6 6. Bb5 Bd7 7. Bxc6 Bxc6 8.
Bg5 e6 9. O-O-O Be7 10. Rhe1 O-O 11. e5 dxe5 12. Nxe5 Bxg2 13. Rg1 Qxd4 14. Rxd4
h6 15. Be3 Bh3 16. Bxh6 Nh5 17. Rd7 Bf6 18. Nd3 Bf5 19. Rxb7 Rac8 20. Bd2 Bd4
21. Be3 Bxc3 22. bxc3 Rxc3 23. Kb2 Rfc8 24. Rc1 a6 25. Rb6 Nf6 26. Rxa6 Nd5 27.
Bd2 Rb8+ 28. Ka1 Bxd3 29. cxd3 Rxc1+ 30. Bxc1 Nb4 0-1

[Event "Bundesliga 2022-23"]
[Site "Weyhe GER"]
[Date "2022.10.22"]
[Round "1.7"]
[Board "6"]
[White "Palac, Mladen"]
[Black "Van Wely, Loek"]
[Result "0-1"]
[WhiteTitle "GM"]
[BlackTitle "GM"]
[WhiteElo "2516"]
[BlackElo "2629"]
[WhiteTeam "SK Kirchweyhe"]
[BlackTeam "SG Solingen"]
[WhiteFideId "14500116"]
[BlackFideId "1000268"]
[EventDate "2022.10.22"]

1. e4 c5 2. Nf3 e6 3. d4 cxd4 4. Nxd4 Nc6 5. Nc3 a6 6. Bf4 d6 7. Nxc6 bxc6 8.
Qd2 e5 9. Bg3 Nf6 10. O-O-O Be7 11. Bc4 O-O 12. Bh4 Be6 13. Bb3 a5 14. Bxf6 gxf6
15. f4 exf4 16. Qxf4 Kh8 17. Kb1 Rg8 18. Rd2 Rb8 19. Rf1 Rb4 20. Qf3 Qb8 21. Ne2
a4 22. c3 Rxb3 23. axb3 axb3 24. c4 Bxc4 25. Rfd1 c5 26. Nc3 Be6 27. Nd5 Bf8 28.
Qc3 Bg7 29. Qc4 f5 30. Rd3 fxe4 31. Rxb3 Qc8 32. Re3 f5 33. g4 fxg4 34. Kc1 Qb7
35. Re2 Ra8 36. Qxe4 Ra1+ 37. Kd2 Rxd1+ 38. Kxd1 Qxd5+ 39. Qxd5 Bxd5 0-1

[Event "Bundesliga 2022-23"]
[Site "Weyhe GER"]
[Date "2022.10.22"]
[Round "1.7"]
[Board "7"]
[White "Handke, Florian"]
[Black "Zelcic, Robert"]
[Result "1-0"]
[WhiteTitle "GM"]
[BlackTitle "GM"]
[WhiteElo "2526"]
[BlackElo "2495"]
[WhiteTeam "SG Solingen"]
[BlackTeam "SK Kirchweyhe"]
[WhiteFideId "4634527"]
[BlackFideId "14500310"]
[EventDate "2022.10.22"]

1. e4 c6 2. d4 d5 3. e5 c5 4. Nf3 cxd4 5. Qxd4 Nc6 6. Qf4 e6 7. Bd3 Nb4 8. Bd2
Nxd3+ 9. cxd3 Nh6 10. O-O Be7 11. Bb4 O-O 12. Bxe7 Qxe7 13. Nc3 Bd7 14. a3 Nf5
15. Rac1 Rac8 16. Ne2 Bb5 17. Qd2 b6 18. Ned4 Nxd4 19. Nxd4 Bd7 20. b4 h6 21. g3
f6 22. Rfe1 fxe5 23. Rxe5 Qf6 24. Rce1 Rfe8 25. R1e3 Kh7 26. Kg2 Qg6 27. h3 Rc7
28. Rf3 Rec8 29. Qe2 Re8 30. Qe1 Kg8 31. b5 Bc8 32. a4 Rf7 33. Rfe3 Ref8 34. f3
Rf6 35. Qe2 Qf7 36. h4 Bd7 37. Nxe6 Rxe6 38. Rxe6 Bxe6 39. Rxe6 Rc8 40. Re7 Rc2
41. Rxf7 Rxe2+ 42. Kf1 Re3 43. Kf2 Rxd3 44. Rxa7 Ra3 45. h5 d4 46. f4 Ra2+ 47.
Kf3 Ra3+ 48. Ke4 d3 49. Ke3 d2+ 50. Kxd2 Rxg3 51. a5 bxa5 52. b6 Rb3 53. b7 Kh7
54. f5 1-0